000 00435nam a2200157Ia 4500
008 210716s2008 xx 000 0 und d
020 _a8131512584
041 _aeng
082 _a657.32 NEEB
100 _aNeedles, Belverd E;Powers, Marian;Crosson, Susan V.
245 _aAccounting for decision making.
250 _a1
260 _aSingapore
_bCengage Learning India Pvt Ltd
_c2008
300 _a982
650 _aAccounting(657)
999 _c208385
_d208385